00405nam a2200169Ia 4500003000400000005001700004008004100021040000700062041001200069082001900081100001800100245002400118260004200142300001300184650001800197650002000215OSt20250929183015.0210423s1976 xx 000 0 und d cAL aEnglish a305.235 bKURY aKuriakose P T aYouth work in india aNew DelhibVishal Publishing Coc1976 av,26bPB aSocial Groups aSocial Sciences